Determinación de áreas críticas para la siembra de arroz por factores climáticos en vertiente pacífico /

সংরক্ষণ করুন:
গ্রন্থ-পঞ্জীর বিবরন
প্রধান লেখক: Pérez, Samuel
অন্যান্য লেখক: Umaña, Jorge, Esquivel, Luis Carlos
বিন্যাস: পাঠ‍্য
প্রকাশিত: San José: OPSA
ট্যাগগুলো: ট্যাগ যুক্ত করুন
কোনো ট্যাগ নেই, প্রথমজন হিসাবে ট্যাগ করুন!

MARC

LEADER 00000 a a2200000 04500
001 15687
003
040
090 |a EXTRAVIADO  
100 |a Pérez, Samuel  
245 |a Determinación de áreas críticas para la siembra de arroz por factores climáticos en vertiente pacífico /  |c Samuel Pérez 
260 |a San José:   |b OPSA  
300 |a 38 p.  
700 |a Umaña, Jorge  
700 |a Esquivel, Luis Carlos  
999 |c 11310  |d 11310